[Event "XIII Festival A"]
[Site "Montecatini Terme ITA"]
[Date "2007.08.02"]
[Round "6"]
[White "Mazzetta, Renato"]
[Black "Gambardella, Piero"]
[WhiteElo "1864"]
[BlackElo "2049"]
[Result "1/2-1/2"]
[PlyCount "47"]
[EventDate "2007.07.28"]

1. e4 e5 2. Nc3 Nf6 3. g3 Nc6 4. Bg2 Bc5 5. d3 d6 6. h3 Nd4 7. Na4 Bb6 8. Nxb6
axb6 9. Ne2 O-O 10. Nxd4 exd4 11. O-O d5 12. e5 Nd7 13. f4 c6 14. c3 dxc3 15.
bxc3 f5 16. d4 b5 17. Rf2 Nb6 18. Bf1 Be6 19. Bd3 Nc4 20. g4 Qh4 21. Qf1 g6 22.
g5 Kf7 23. Rf3 h6 24. Qf2 1/2-1/2

[Event "XIII Festival A"]
[Site "Montecatini Terme ITA"]
[Date "2007.08.02"]
[Round "6"]
[White "Spornberger, Maximilian"]
[Black "Zara, Enrico"]
[WhiteElo "2016"]
[BlackElo "1897"]
[Result "1-0"]
[PlyCount "63"]
[EventDate "2007.07.28"]

1. Nf3 Nf6 2. g3 g6 3. Bg2 Bg7 4. O-O d6 5. d3 c6 6. e4 e5 7. Nbd2 O-O 8. Qe1
Nh5 9. Qd1 f5 10. exf5 Bxf5 11. Ne4 h6 12. Nh4 Nf6 13. c3 Kh7 14. Nxf5 gxf5 15.
Nxf6+ Rxf6 16. Qh5 Kg8 17. Be3 Nd7 18. f4 e4 19. dxe4 fxe4 20. Bd4 Re6 21. Qg4
Re7 22. Bxg7 Rxg7 23. Qe6+ Kh8 24. Bxe4 Qf6 25. Qxf6 Nxf6 26. Bf3 Re8 27. Rfe1
Rge7 28. Rxe7 Rxe7 29. Kf2 Kg7 30. Re1 Kf7 31. Rxe7+ Kxe7 32. g4 1-0

[Event "XIII Festival A"]
[Site "Montecatini Terme ITA"]
[Date "2007.08.03"]
[Round "7"]
[White "Zara, Enrico"]
[Black "Bertolini, Luca"]
[WhiteElo "1897"]
[BlackElo "1611"]
[Result "0-1"]
[PlyCount "70"]
[EventDate "2007.07.28"]

1. d4 e6 2. c4 Nf6 3. Nf3 c5 4. d5 exd5 5. cxd5 d6 6. Nc3 g6 7. e4 Bg7 8. Be2
O-O 9. O-O Bg4 10. Nd2 Bxe2 11. Qxe2 a6 12. a4 Re8 13. f3 Nbd7 14. Qd1 Ne5 15.
Qc2 Rc8 16. f4 Ned7 17. Nc4 Nb6 18. Nxb6 Qxb6 19. h3 Nd7 20. f5 Bd4+ 21. Kh1
Qd8 22. Bf4 Ne5 23. Rae1 Qh4 24. Bh2 Nc4 25. Qe2 Ne3 26. Rf4 Qg5 27. Qf3 Nxf5
28. Rg4 Qd2 29. Rf1 Ne3 30. Bf4 Rc7 31. Ne2 Rd7 32. Nxd4 cxd4 33. Bh6 f5 34.
Bxe3 dxe3 35. Qxf5 Rg7 0-1

[Event "VI Festival B"]
[Site "Savigliano ITA"]
[Date "2007.06.02"]
[Round "4"]
[White "Longo, Aldo"]
[Black "Melone, Antonio"]
[WhiteElo "1738"]
[BlackElo "1509"]
[Result "0-1"]
[PlyCount "84"]
[EventDate "2007.05.31"]

1. e4 c6 2. d4 d5 3. Nc3 dxe4 4. Nxe4 Nd7 5. Ng5 Ngf6 6. Bd3 e6 7. N1f3 Bd6 8.
Qe2 h6 9. Ne4 Nxe4 10. Qxe4 Nf6 11. Qe2 Qc7 12. c4 b6 13. Bd2 Bb7 14. b4 c5 15.
dxc5 bxc5 16. b5 a6 17. Bc3 axb5 18. Bxf6 gxf6 19. cxb5 Rg8 20. g3 Ra4 21. b6
Qxb6 22. Bb5+ Ke7 23. Bxa4 Qa5+ 24. Nd2 Bxh1 25. Bb3 Be5 26. Rc1 Bd4 27. Kf1
Qa8 28. Ke1 Qg2 29. Nf1 Qg1 30. f4 Bg2 31. Kd2 Rd8 32. Kc2 Qh1 33. Re1 f5 34.
Nd2 Qxh2 35. Bxe6 Be4+ 36. Nxe4 Qxe2+ 37. Rxe2 fxe6 38. Nd2 Ra8 39. Kb3 Rb8+
40. Ka3 Bb2+ 41. Ka4 Rb4+ 42. Ka5 Bc3 0-1

[Event "VI Festival B"]
[Site "Savigliano ITA"]
[Date "2007.06.02"]
[Round "4"]
[White "Pitrola, Carlo"]
[Black "Macario, Marco"]
[WhiteElo "1542"]
[BlackElo "1833"]
[Result "1-0"]
[PlyCount "80"]
[EventDate "2007.05.31"]

1. d4 Nf6 2. c4 g6 3. Nc3 d5 4. cxd5 Nxd5 5. e4 Nxc3 6. bxc3 Bg7 7. Bc4 O-O 8.
Ne2 c5 9. O-O Nc6 10. Be3 cxd4 11. cxd4 Bg4 12. f3 Na5 13. Bxf7+ Rxf7 14. fxg4
Rxf1+ 15. Qxf1 Nc4 16. Qf2 Qd7 17. h3 Rf8 18. Qg3 Qc6 19. d5 Qa4 20. Bd4 Bxd4+
21. Nxd4 Nd6 22. Ne6 Qxe4 23. Qc3 Rf7 24. Ng5 Qxd5 25. Nxf7 Qxf7 26. Qf3 Qg7
27. Rf1 h6 28. Qd5+ Kh7 29. Qe6 b5 30. Re1 a5 31. Qxe7 Qxe7 32. Rxe7+ Kg8 33.
Re6 Nc4 34. Rxg6+ Kh7 35. Ra6 a4 36. Kf2 Na3 37. Rb6 Kg7 38. Ke2 Nb1 39. Kd3
Na3 40. Kc3 Kh7 1-0

[Event "Weekend B Aprile"]
[Site "Torino ITA"]
[Date "2007.04.22"]
[Round "5"]
[White "Munari, Filippo"]
[Black "Ravazzolo, Gaia"]
[WhiteElo "1404"]
[BlackElo "1530"]
[Result "1/2-1/2"]
[PlyCount "35"]
[EventDate "2007.04.20"]

1. e4 e5 2. Nf3 Nc6 3. Bc4 Nf6 4. d3 Be7 5. Nc3 O-O 6. Be3 d6 7. d4 exd4 8.
Bxd4 Bg4 9. Be3 Ne5 10. Be2 Bxf3 11. Bxf3 c6 12. a3 Nc4 13. Qc1 d5 14. exd5
cxd5 15. Bd4 Re8 16. O-O Qd7 17. b3 Nb6 18. Re1 1/2-1/2

[Event "Weekend B Aprile"]
[Site "Torino ITA"]
[Date "2007.04.22"]
[Round "5"]
[White "Rossetti, Alberto"]
[Black "Tonelli, Piero"]
[WhiteElo "1440"]
[BlackElo "1527"]
[Result "1-0"]
[PlyCount "39"]
[EventDate "2007.04.20"]

1. e4 e6 2. d4 d5 3. e5 c5 4. c3 Qb6 5. Nf3 Bd7 6. a3 Bb5 7. Bd3 Bxd3 8. Qxd3
Nc6 9. b4 cxd4 10. cxd4 Nge7 11. O-O Nf5 12. Be3 Be7 13. Nc3 O-O 14. Na4 Qc7
15. Rac1 a6 16. Nc5 Nxe3 17. fxe3 b6 18. Nxa6 Qb7 19. b5 Na5 20. Rc7 1-0

[Event "Weekend B Epifania"]
[Site "Torino ITA"]
[Date "2007.01.06"]
[Round "5"]
[White "Liviabella, Lucio"]
[Black "Artero, Carlo"]
[WhiteElo "1619"]
[BlackElo "1491"]
[Result "0-1"]
[PlyCount "64"]
[EventDate "2007.01.03"]

1. e4 c5 2. Nf3 d6 3. d4 cxd4 4. Nxd4 Nf6 5. Nc3 a6 6. Be2 e5 7. Nf3 Be7 8. h3
Be6 9. Be3 b5 10. a3 O-O 11. Ng5 d5 12. Nxe6 fxe6 13. exd5 exd5 14. Bg5 Nbd7
15. Nxd5 Nxd5 16. Qxd5+ Kh8 17. Be3 Qa5+ 18. c3 Qc7 19. O-O Nf6 20. Qb3 Bc5 21.
Bxc5 Qxc5 22. Qc2 e4 23. Rad1 e3 24. Bf3 Rae8 25. Rd4 Nh5 26. b4 exf2+ 27. Kxf2
Qe5 28. Qd2 Rxf3+ 29. Kg1 Rxf1+ 30. Kxf1 Ng3+ 31. Kg1 Ne2+ 32. Kh1 Nxd4 0-1

[Event "Weekend B Epifania"]
[Site "Torino ITA"]
[Date "2007.01.07"]
[Round "7"]
[White "Cavaliere, Simone"]
[Black "Dal Zotto, Lorenzo"]
[WhiteElo "1521"]
[BlackElo "1644"]
[Result "1-0"]
[PlyCount "64"]
[EventDate "2007.01.03"]

1. e4 e5 2. Nf3 d6 3. d4 Nd7 4. Bc4 c6 5. a4 Be7 6. O-O h6 7. Nc3 Ngf6 8. Bb3
Qc7 9. Re1 Nf8 10. h3 g5 11. Qd3 Ng6 12. Ne2 Rg8 13. Ng3 Nf4 14. Qc3 g4 15.
dxe5 N6h5 16. hxg4 Bxg4 17. exd6 Bxd6 18. e5 Be7 19. Bxf4 Nxf4 20. Rad1 Rd8 21.
Rxd8+ Qxd8 22. Nd4 Qd7 23. Qe3 Bg5 24. Qe4 Rg6 25. Ndf5 Kf8 26. Qb4+ Kg8 27.
Nd6 Be6 28. Bxe6 Qxe6 29. Qxb7 Be7 30. Qxc6 Bxd6 31. Qxd6 Qe8 32. Qd2 Qa8 1-0

[Event "Weekend B Ottobre"]
[Site "Torino ITA"]
[Date "2007.11.01"]
[Round "2"]
[White "Cacinschi, Alexandru"]
[Black "Rossetti, Alberto"]
[WhiteElo "1630"]
[BlackElo "1560"]
[Result "1/2-1/2"]
[PlyCount "82"]
[EventDate "2007.10.31"]

1. c4 Nf6 2. Nf3 e6 3. g3 d5 4. d4 Bd6 5. Bg2 c6 6. O-O O-O 7. Qc2 Nbd7 8. Bf4
Bxf4 9. gxf4 dxc4 10. Qxc4 Nb6 11. Qd3 Nbd5 12. e3 Qb6 13. b3 Qc7 14. Nbd2 b6
15. Rfc1 Bb7 16. Ne5 Nd7 17. a3 Nxe5 18. fxe5 Rac8 19. Ne4 f6 20. Nd6 Rcd8 21.
Be4 g6 22. Bxd5 exd5 23. f4 Rxd6 24. exd6 Qxd6 25. Rc2 f5 26. b4 Re8 27. Rac1
b5 28. Rg2 Re4 29. Rg3 Qe7 30. Qb3 Kf8 31. Rc3 Ke8 32. a4 bxa4 33. Qxa4 Rxd4
34. exd4 Qe1+ 35. Kg2 Qe2+ 36. Kh3 Qh5+ 37. Kg2 Qe2+ 38. Kh1 Qe1+ 39. Rg1 Qe4+
40. Rg2 Qe1+ 41. Rg1 Qe4+ 1/2-1/2

[Event "Weekend C Ottobre"]
[Site "Torino ITA"]
[Date "2007.11.04"]
[Round "7"]
[White "Casati, Alice"]
[Black "Manino, Edoardo"]
[WhiteElo "1380"]
[BlackElo "1440"]
[Result "1/2-1/2"]
[PlyCount "61"]
[EventDate "2007.10.31"]

1. e4 e6 2. d4 d5 3. e5 c5 4. c3 Nc6 5. Nf3 Qb6 6. a3 Nge7 7. b4 cxd4 8. cxd4
Nf5 9. Bb2 a6 10. Be2 Be7 11. O-O O-O 12. Qd3 f6 13. exf6 Bxf6 14. Rd1 Bd7 15.
Bf1 Rac8 16. g3 Nd6 17. Nbd2 Nd8 18. Bh3 Bb5 19. Qe3 Nc4 20. Nxc4 Rxc4 21. Rac1
Re8 22. Ne5 Bxe5 23. Qxe5 a5 24. Bc3 axb4 25. Bxb4 Nf7 26. Qe3 e5 27. Bc5 Qc6
28. Rxc4 Bxc4 29. Bg2 exd4 30. Qxd4 Rd8 31. Rd2 1/2-1/2

[Event "XXXV Gold Cup"]
[Site "Merano - Meran ITA"]
[Date "2007.04.21"]
[Round "2"]
[White "Jaeger, Erich"]
[Black "Kreie, Guenter"]
[Result "0-1"]
[WhiteElo "2038"]
[BlackElo "1975"]
[PlyCount "74"]
[EventDate "2007.04.20"]

1. d4 Nf6 2. Nf3 e6 3. c4 Bb4+ 4. Bd2 Be7 5. Nc3 d5 6. e3 O-O 7. Rc1 c6 8. Be2
Nbd7 9. cxd5 exd5 10. O-O Bd6 11. Ne1 Re8 12. f4 Nf8 13. Nf3 Ne4 14. Nxe4 dxe4
15. Ne5 Be6 16. Nc4 Bc7 17. f5 Bd5 18. Be1 Qf6 19. b3 Nd7 20. Bf2 Qh6 21. g3
Rad8 22. Kg2 c5 23. Rh1 cxd4 24. Qxd4 Bc6 25. Qc3 Be5 26. Qe1 Nf6 27. g4 Nd5
28. h4 g6 29. g5 Qf8 30. f6 Nf4+ 31. Kf1 Nd3 32. Bxd3 exd3 33. e4 Bf4 34. Nd2
Bxe4 35. Bc5 Bd6 36. Nxe4 Bxc5 37. Nxc5 d2 0-1

[Event "XXXV Gold Cup"]
[Site "Merano - Meran ITA"]
[Date "2007.04.22"]
[Round "3"]
[White "Kreie, Guenter"]
[Black "Graf, Joachim"]
[Result "0-1"]
[WhiteElo "1975"]
[BlackElo "2151"]
[PlyCount "76"]
[EventDate "2007.04.20"]

1. e4 c5 2. Nf3 Nc6 3. d4 cxd4 4. Nxd4 Nf6 5. Nc3 e5 6. Ndb5 d6 7. Bg5 a6 8.
Na3 Be6 9. Bc4 Be7 10. Bxf6 Bxf6 11. Bd5 Rc8 12. O-O b5 13. Bxc6+ Rxc6 14. Nd5
Bg5 15. c4 Qa5 16. cxb5 axb5 17. Qe2 Bxd5 18. exd5 Rc5 19. f4 Bf6 20. Rac1 Rxd5
21. Rc8+ Bd8 22. Qf3 Qa7+ 23. Kh1 Rc5 24. Rxc5 Qxc5 25. fxe5 O-O 26. exd6 b4
27. Nb1 Qxd6 28. a3 Bf6 29. axb4 Qxb4 30. b3 Rb8 31. g3 h6 32. Rc1 Qxb3 33.
Qxb3 Rxb3 34. Rd1 g6 35. Kg2 Kg7 36. g4 Be5 37. Rh1 Rb2+ 38. Kh3 Ra2 0-1

[Event "XXXV Gold Cup"]
[Site "Merano - Meran ITA"]
[Date "2007.04.22"]
[Round "3"]
[White "Mueller-Using, Detlev"]
[Black "Siegmund, Rainer"]
[Result "1/2-1/2"]
[WhiteElo "2090"]
[BlackElo "2179"]
[PlyCount "48"]
[EventDate "2007.04.20"]

1. e4 c5 2. Nf3 Nc6 3. Bb5 g6 4. O-O Bg7 5. Re1 Nf6 6. Nc3 O-O 7. e5 Ne8 8.
Bxc6 dxc6 9. d3 Nc7 10. Ne4 b6 11. Bd2 Ne6 12. Qc1 Nd4 13. Nxd4 Qxd4 14. Bc3
Qd5 15. Qf4 Be6 16. Nf6+ exf6 17. exf6 Bh8 18. Re5 Qd6 19. Qh4 h5 20. Rxh5 gxh5
21. Qg5+ Kh7 22. Qxh5+ Kg8 23. Qg5+ Kh7 24. Qh5+ Kg8 1/2-1/2

[Event "XXXV Gold Cup"]
[Site "Merano - Meran ITA"]
[Date "2007.04.24"]
[Round "5"]
[White "Fruebing, Thomas"]
[Black "Willin, Bernhard"]
[Result "1-0"]
[WhiteElo "2236"]
[BlackElo "1984"]
[PlyCount "65"]
[EventDate "2007.04.20"]

1. e4 e6 2. d4 a6 3. Be3 Nf6 4. Bd3 b6 5. Nf3 Bb7 6. Nbd2 d6 7. Bg5 Be7 8. Qe2
Nbd7 9. Bxf6 Bxf6 10. e5 Be7 11. Be4 Bxe4 12. Qxe4 d5 13. Qg4 Rg8 14. c3 Nf8
15. h4 h6 16. O-O Nh7 17. c4 c6 18. Rfc1 g5 19. cxd5 cxd5 20. Rc6 Kd7 21. Rac1
Bc5 22. dxc5 Kxc6 23. cxb6+ Kxb6 24. Qb4+ Ka7 25. Nd4 Rc8 26. Nc6+ Ka8 27. Nb3
Qd7 28. Qa4 Qb7 29. Nbd4 gxh4 30. Rc3 Rc7 31. Rb3 Qc8 32. Rb6 Ra7 33. Nb5 1-0

[Event "XXXV Gold Cup"]
[Site "Merano - Meran ITA"]
[Date "2007.04.24"]
[Round "5"]
[White "Graf, Joachim"]
[Black "Siegmund, Rainer"]
[Result "1/2-1/2"]
[WhiteElo "2151"]
[BlackElo "2179"]
[PlyCount "30"]
[EventDate "2007.04.20"]

1. d4 Nf6 2. Nf3 e6 3. c4 b6 4. g3 Ba6 5. Nbd2 Bb7 6. Bg2 Be7 7. O-O O-O 8. Qc2
d5 9. Ne5 c5 10. cxd5 exd5 11. dxc5 bxc5 12. Rd1 Qc7 13. Ndf3 Bd6 14. Nd3 Nbd7
15. Bf4 Rfe8 1/2-1/2

[Event "XXXV Gold Cup"]
[Site "Merano - Meran ITA"]
[Date "2007.04.24"]
[Round "5"]
[White "Mueller-Using, Detlev"]
[Black "Kelbratowski, Konrad"]
[Result "1-0"]
[WhiteElo "2090"]
[BlackElo "1959"]
[PlyCount "53"]
[EventDate "2007.04.20"]

1. e4 g6 2. d4 Bg7 3. c4 d6 4. Nc3 Nc6 5. Be3 e5 6. d5 Nce7 7. f4 f5 8. fxe5
Bxe5 9. Nf3 Bf6 10. Qd2 fxe4 11. Nxe4 Nf5 12. Bf4 Bg7 13. O-O-O Nf6 14. Re1 O-O
15. Bd3 Nxe4 16. Rxe4 Bd7 17. h4 h5 18. Bg5 Bf6 19. Rhe1 Ng3 20. Re7 Nf5 21.
Bxf5 Bxf5 22. Bxf6 Rxf6 23. Nd4 Qf8 24. Rxc7 Rf7 25. Rxf7 Qxf7 26. Qf4 Qf6 27.
Re6 1-0

[Event "XXXV Gold Cup"]
[Site "Merano - Meran ITA"]
[Date "2007.04.25"]
[Round "6"]
[White "Siegmund, Rainer"]
[Black "Fruebing, Thomas"]
[Result "1/2-1/2"]
[WhiteElo "2179"]
[BlackElo "2236"]
[PlyCount "51"]
[EventDate "2007.04.20"]

1. d4 e6 2. c4 b6 3. a3 Bb7 4. Nc3 Nf6 5. Bg5 Be7 6. Nf3 d6 7. Qc2 Nbd7 8. e4
h6 9. Bf4 Nh5 10. Be3 Bg5 11. Nxg5 hxg5 12. Qd2 g4 13. O-O-O Ndf6 14. Bd3 e5
15. d5 a5 16. Bg5 Bc8 17. f3 gxf3 18. gxf3 Bd7 19. Rdg1 Qe7 20. h4 Kd8 21. Bf1
Kc8 22. Bh3 Bxh3 23. Rxh3 Qd7 24. Rh2 g6 25. Kb1 a4 26. Nb5 1/2-1/2

[Event "XXXV Gold Cup"]
[Site "Merano - Meran ITA"]
[Date "2007.04.27"]
[Round "8"]
[White "Muscolino, Attilio"]
[Black "Fruebing, Thomas"]
[Result "0-1"]
[WhiteElo "2122"]
[BlackElo "2236"]
[PlyCount "72"]
[EventDate "2007.04.20"]

1. e4 e6 2. d4 d5 3. e5 c5 4. c3 Nc6 5. Nf3 Nge7 6. Be2 Nf5 7. O-O cxd4 8. g4
Nh4 9. cxd4 Nxf3+ 10. Bxf3 Qb6 11. Be3 Qxb2 12. Nd2 Qa3 13. Qe2 Be7 14. Rfb1
Bd8 15. Rb3 Qe7 16. Qf1 Qh4 17. Qg2 O-O 18. Be2 f5 19. gxf5 Nxd4 20. Bxd4 Qxd4
21. f6 Bxf6 22. Rd1 Qxe5 23. Re3 Qc7 24. Bd3 Qf7 25. Kh1 e5 26. Bc2 e4 27. Nxe4
dxe4 28. Bxe4 Qh5 29. Rd5 Qh6 30. Qf3 Bg5 31. Rxg5 Qxg5 32. Bd5+ Be6 33. Bxe6+
Kh8 34. Qe2 Rf6 35. Rg3 Qc1+ 36. Kg2 Qc6+ 0-1

[Event "XXXV Gold Cup"]
[Site "Merano - Meran ITA"]
[Date "2007.04.27"]
[Round "8"]
[White "Willin, Bernhard"]
[Black "Spindler, Egbert"]
[Result "1-0"]
[WhiteElo "1984"]
[BlackElo "1981"]
[PlyCount "81"]
[EventDate "2007.04.20"]

1. d4 d5 2. Nf3 Nf6 3. e3 Bg4 4. c4 c6 5. Qb3 Qb6 6. Ne5 Qxb3 7. axb3 Bh5 8. c5
e6 9. b4 Nfd7 10. Nd3 Be7 11. Nc3 O-O 12. b5 Bg6 13. b4 Bxd3 14. Bxd3 a6 15.
O-O cxb5 16. Bxb5 Nc6 17. Bxc6 bxc6 18. Bd2 e5 19. Ra4 exd4 20. exd4 Bf6 21.
Be3 h6 22. Rfa1 Rfb8 23. R1a3 Nf8 24. b5 cxb5 25. Rxa6 Rxa6 26. Rxa6 b4 27.
Nxd5 Bd8 28. Bc1 b3 29. Bb2 Ne6 30. Ra4 Bg5 31. g3 Bd2 32. c6 Kf8 33. Ne3 Nc7
34. Ra7 Rc8 35. Rb7 Bxe3 36. fxe3 Nd5 37. e4 Nf6 38. Ba3+ Ke8 39. d5 Kd8 40.
Be7+ Ke8 41. Bxf6 1-0

[Event "XXXV Gold Cup"]
[Site "Merano - Meran ITA"]
[Date "2007.04.28"]
[Round "9"]
[White "Fruebing, Thomas"]
[Black "Marek, Herbert"]
[Result "1-0"]
[WhiteElo "2236"]
[BlackElo "1953"]
[PlyCount "37"]
[EventDate "2007.04.20"]

1. e4 c5 2. c3 d5 3. exd5 Qxd5 4. d4 Nc6 5. Nf3 Bg4 6. Be2 e6 7. h3 Bh5 8. Na3
a6 9. Nc4 Rd8 10. Ne3 Qd6 11. g4 Bg6 12. Nc4 Qd5 13. Bf4 cxd4 14. Nb6 Qa5 15.
Nc4 dxc3 16. Nxa5 Rxd1+ 17. Rxd1 cxb2 18. Nxc6 bxc6 19. O-O 1-0

[Event "XXXV Gold Cup"]
[Site "Merano - Meran ITA"]
[Date "2007.04.28"]
[Round "9"]
[White "Siegmund, Rainer"]
[Black "Willin, Bernhard"]
[Result "1/2-1/2"]
[WhiteElo "2179"]
[BlackElo "1984"]
[PlyCount "64"]
[EventDate "2007.04.20"]

1. d4 Nf6 2. c4 d6 3. Nf3 Nbd7 4. Nc3 e5 5. e4 Be7 6. Be2 O-O 7. O-O Re8 8. Qc2
c6 9. Rd1 Qc7 10. h3 Nf8 11. Be3 b6 12. d5 c5 13. Nh2 Ng6 14. Qd2 h6 15. a3 Bf8
16. Rab1 Bd7 17. Ng4 Nxg4 18. hxg4 Be7 19. b4 Reb8 20. Rb2 Qc8 21. f3 Bh4 22.
Bd3 Qd8 23. Ne2 Bg5 24. Rdb1 Bxe3+ 25. Qxe3 Rc8 26. g3 f6 27. Nc3 Nh8 28. Qe2
Kf8 29. Nd1 Qe8 30. Ne3 Qg6 31. Kg2 Nf7 32. Rh1 Rc7 1/2-1/2

[Event "LII C.to Torinese Assoluto 2007"]
[Site "Torino ITA"]
[Date "2007.09.??"]
[Round "3"]
[White "Maccagno, Giancarlo"]
[Black "Gallucci, Alessio"]
[WhiteElo "2109"]
[BlackElo "2006"]
[Result "0-1"]
[PlyCount "66"]
[EventDate "2007.09.19"]

1. e4 c5 2. c3 d5 3. exd5 Qxd5 4. Nf3 e5 5. d4 cxd4 6. cxd4 Nc6 7. Nc3 Bb4 8.
Bd2 Bxc3 9. Bxc3 e4 10. Ne5 Nxe5 11. dxe5 Ne7 12. Qa4+ Bd7 13. Qa3 Bg4 14. h3
Bh5 15. Qa4+ Nc6 16. Bc4 Qc5 17. O-O O-O 18. e6 Kh8 19. exf7 Qg5 20. Qb5 Qg6
21. Kh1 Qh6 22. Be2 Bf3 23. Bxf3 exf3 24. Qf5 fxg2+ 25. Kxg2 Ne7 26. Qe4 Rxf7
27. Rad1 Ng6 28. Rg1 Raf8 29. Rd2 Nh4+ 30. Kf1 Nf3 31. Rd6 Qc1+ 32. Be1 Nxe1
33. Qxe1 Rxf2# 0-1

[Event "LII C.to Torinese Assoluto 2007"]
[Site "Torino ITA"]
[Date "2007.09.??"]
[Round "7"]
[White "Pepino, Enrico"]
[Black "Cavaliere, Simone"]
[WhiteElo "2153"]
[BlackElo "1708"]
[Result "1/2-1/2"]
[PlyCount "105"]
[EventDate "2007.09.19"]

1. e4 c5 2. Nf3 Nc6 3. c3 d5 4. exd5 Qxd5 5. d4 cxd4 6. cxd4 e6 7. Nc3 Qd8 8.
Bc4 Nf6 9. O-O Be7 10. Bg5 O-O 11. a3 Nd5 12. Bxe7 Ncxe7 13. Bd3 Nf6 14. Qe2 b6
15. Rad1 Bb7 16. Rfe1 Ned5 17. Bb1 Rc8 18. Nxd5 Qxd5 19. Qe5 Rfd8 20. Qg3 Qd6
21. Ne5 Rc7 22. f4 Rdc8 23. f5 Bd5 24. fxe6 Bxe6 25. Rf1 Nh5 26. Qg5 g6 27. Qe3
Ng7 28. d5 Bf5 29. Bxf5 Nxf5 30. Qf4 Re8 31. Ng4 Kg7 32. Qd2 Re4 33. h3 Rd4 34.
Qf2 Rxd5 35. Rxd5 Qxd5 36. b4 Qd4 37. Qxd4+ Nxd4 38. Nf6 Ne2+ 39. Kh2 Rc3 40.
Ne8+ Kf8 41. Nd6 Rxa3 42. Rxf7+ Kg8 43. Re7 Nd4 44. Rb7 Rb3 45. Ne4 Rxb4 46.
Nf6+ Kf8 47. Nxh7+ Kg8 48. Nf6+ Kf8 49. Rxa7 Nf5 50. Rb7 b5 51. Rd7 Rb2 52.
Nh7+ Kg8 53. Nf6+ 1/2-1/2

[Event "XXXIX C.to Italiano a Serie Nazionali a squadre B"]
[Site "Cattolica ITA"]
[Date "2007.05.11"]
[Round "1"]
[White "Battisti, Eugenio"]
[Black "Trebeschi, Andrea"]
[WhiteElo "2033"]
[BlackElo "2057"]
[Result "1-0"]
[PlyCount "111"]
[EventDate "2007.05.11"]

1. e4 d6 2. d4 Nf6 3. f3 g6 4. Be3 c6 5. Ne2 Nbd7 6. g4 Nb6 7. Ng3 Bg7 8. Qd2
h5 9. g5 Nfd7 10. h4 c5 11. f4 O-O 12. Nc3 cxd4 13. Bxd4 Nc5 14. Bxg7 Kxg7 15.
Be2 Bd7 16. O-O-O Qc7 17. f5 Rac8 18. f6+ exf6 19. gxf6+ Kxf6 20. Qg5+ Ke6 21.
Rhf1 Bc6 22. Rf6+ Kd7 23. Qxc5 Rcd8 24. e5 d5 25. Rd6+ Kc8 26. Bb5 Bxb5 27.
Qxc7+ Kxc7 28. Nxb5+ Kb8 29. b3 Rxd6 30. Nxd6 Kc7 31. a4 a5 32. Ne2 Kd7 33. Nd4
f6 34. Nxb7 fxe5 35. Nc5+ Kd6 36. Nb7+ Ke7 37. Nc6+ Ke6 38. Rg1 Rg8 39. Rg5 e4
40. Nd4+ Kf6 41. Nxa5 Re8 42. Kd1 Re5 43. Rg1 e3 44. Ke2 Re4 45. Nf3 Nd7 46.
Nc6 Nc5 47. Rg5 Ne6 48. Rg1 Nf4+ 49. Ke1 Nh3 50. Rg3 Nf2 51. Ncd4 Ng4 52. Ke2
Nh2 53. a5 Nxf3 54. Nxf3 d4 55. Rg1 Kf5 56. a6 1-0

[Event "XXXIX C.to Italiano a Serie Nazionali a squadre B"]
[Site "Cattolica ITA"]
[Date "2007.05.11"]
[Round "1"]
[White "D'Innocente, Stefano"]
[Black "Altieri, Claudio"]
[WhiteElo "2261"]
[BlackElo "2067"]
[Result "1-0"]
[PlyCount "83"]
[EventDate "2007.05.11"]

1. e4 d6 2. d4 Nf6 3. Nc3 c6 4. Nf3 Bg4 5. h3 Bxf3 6. Qxf3 Nbd7 7. Be3 e5 8.
O-O-O Qc7 9. g4 h6 10. Bg2 Be7 11. Qg3 Nb6 12. Kb1 Nc4 13. Bc1 b5 14. f4 b4 15.
Ne2 Nd7 16. h4 a5 17. g5 a4 18. gxh6 gxh6 19. dxe5 dxe5 20. Qg7 Rf8 21. Qxh6
Nf6 22. fxe5 Qxe5 23. Nd4 b3 24. cxb3 axb3 25. a3 Qg3 26. Bf1 Na5 27. Qe3 Qg6
28. Bd3 Ng4 29. Qe2 Ne5 30. Bf4 Bf6 31. Rhg1 Qh7 32. Nf5 Nb7 33. Bc4 Nc5 34.
Rd6 Ncd7 35. Rxf6 Nxf6 36. Bxe5 Nd7 37. Bg7 Rg8 38. Nd6+ Ke7 39. Nf5+ Ke8 40.
h5 Ra5 41. h6 Ne5 42. Bxb3 1-0

[Event "XXXIX C.to Italiano a Serie Nazionali a squadre B"]
[Site "Cattolica ITA"]
[Date "2007.05.11"]
[Round "1"]
[White "Dentale, Enrico"]
[Black "Arcion, Riccardo"]
[WhiteElo "2003"]
[BlackElo "1952"]
[Result "1-0"]
[PlyCount "171"]
[EventDate "2007.05.11"]

1. d4 d5 2. Nf3 Nf6 3. c4 e6 4. Nc3 c6 5. e3 Nbd7 6. Bd3 dxc4 7. Bxc4 b5 8. Bd3
a6 9. O-O Bb7 10. Bd2 c5 11. Rc1 Rc8 12. dxc5 Bxc5 13. Bb1 O-O 14. Qe2 Qe7 15.
Ng5 h6 16. Nge4 Ba7 17. a3 Rfd8 18. Rfd1 Bb8 19. Be1 Nxe4 20. Nxe4 Rxc1 21.
Rxc1 Bxh2+ 22. Kxh2 Qh4+ 23. Kg1 Bxe4 24. f4 Qe7 25. Bxe4 f5 26. Bb1 Nf6 27.
Bb4 Qf7 28. Rd1 Rc8 29. Bc3 Ng4 30. e4 Qh5 31. g3 Qh3 32. Be1 Rf8 33. exf5 exf5
34. Rd2 Qh5 35. Ba2+ Kh7 36. Rd6 Re8 37. Be6 Rf8 38. Bc3 Qh3 39. Qg2 Qh5 40.
Rd7 Nf6 41. Bxf6 Rxf6 42. Bb3 Qe8 43. Qd5 Qe1+ 44. Kh2 Qe2+ 45. Qg2 Qh5+ 46.
Kg1 Qe8 47. Qd2 Rf8 48. Kf2 Qh5 49. Kg2 Re8 50. Bd1 Qg6 51. Bf3 h5 52. Rd6 Qf7
53. Qd1 g6 54. Rd7 Re7 55. Rxe7 Qxe7 56. Qe2 Qd6 57. Qd1 Qf6 58. Qc2 h4 59. Qc3
Qd6 60. Qe1 hxg3 61. Kxg3 g5 62. Qe5 gxf4+ 63. Kxf4 Qh6+ 64. Kxf5 Qg6+ 65. Kf4
Qh6+ 66. Kg3 Qg6+ 67. Kh2 Qc2+ 68. Bg2 Qf2 69. Qh5+ Kg7 70. Qg4+ Kh7 71. Qh3+
Kg7 72. Qg3+ Qxg3+ 73. Kxg3 Kf6 74. Kf4 Ke6 75. Ke4 b4 76. a4 Kd6 77. Kd4 a5
78. Kc4 b3 79. Kxb3 Kc5 80. Kc3 Kb6 81. Bf1 Ka7 82. Kc4 Kb6 83. Bd3 Kc6 84. Kd4
Kb6 85. Bb5 Kc7 86. Kc5 1-0

[Event "XXXIX C.to Italiano a Serie Nazionali a squadre B"]
[Site "Cattolica ITA"]
[Date "2007.05.11"]
[Round "1"]
[White "Di Carlo, Romeo"]
[Black "Di Donatantonio, Franco"]
[WhiteElo "2075"]
[BlackElo "2111"]
[Result "0-1"]
[PlyCount "128"]
[EventDate "2007.05.11"]

1. d4 Nf6 2. Nf3 c5 3. e3 g6 4. c3 Bg7 5. Nbd2 cxd4 6. exd4 O-O 7. Be2 Nc6 8.
O-O d6 9. Re1 Qc7 10. Nc4 b5 11. Ne3 Rb8 12. Bf1 d5 13. a3 e6 14. Nc2 Re8 15.
Nb4 Nxb4 16. axb4 Nd7 17. Bg5 a6 18. Bh4 Bf8 19. Bg3 Bd6 20. Bxd6 Qxd6 21. Qd2
Bb7 22. Qh6 Qf8 23. Qf4 Rbc8 24. Bd3 f6 25. Qg4 Qf7 26. h4 e5 27. dxe5 Nxe5 28.
Nxe5 fxe5 29. h5 e4 30. hxg6 hxg6 31. Bc2 Kg7 32. Bb3 Qf5 33. Qd1 Qe5 34. Re3
Rh8 35. Rg3 Rh4 36. Rh3 Rxh3 37. gxh3 e3 38. Qd4 exf2+ 39. Qxf2 Rf8 40. Qd4
Qxd4+ 41. cxd4 Rf3 42. Bd1 Rd3 43. Bg4 Rxd4 44. b3 Re4 45. Rc1 Kf6 46. Rc7 Re7
47. Rxe7 Kxe7 48. Kf2 d4 49. Ke2 Kd6 50. Kd3 Ke5 51. h4 Be4+ 52. Kd2 Bf5 53.
Bf3 Kd6 54. h5 gxh5 55. Bxh5 Kc7 56. Bf7 Kb6 57. Bd5 a5 58. bxa5+ Kxa5 59. Bf7
Kb4 60. Bg8 Kc5 61. Bf7 Be4 62. Be6 Bd5 63. b4+ Kc4 64. Bd7 Be4 0-1